Európske ľudové remeslo medzinárodný festival remesiel, 14. ročník, Kežmarok 9.-11. 7. 2004

Bibliographic Details
Corporate Author: Európske ľudové remeslo Kežmarok, Slovensko
Format: Conference Proceeding Photo
Language:Slovak
PhysicalDescription:1 plagát fareb. 43 x 30 cm
Published: [Kežmarok] Adri 2004
Subjects:

MARC

LEADER 00000ckm a2200000 a 4500
001 vtls001477779
003 SK-MaSNL
005 20260302073604.0
007 kf ou
008 240409s2004 xo g 0k slo
015 |a SNBG2004/03-01536 
035 |a SNK000433079 
035 |a urn:nbn:sk:snk-km002p6z 
035 |a 34B8D7AA-54E4-4B14-862C-EE24E1580660 
035 |a urn:nbn:sk:snk-kmtgjz 
040 |a SNK  |b slo  |c SNK  |e AACR2 
041 0 |a slo 
043 |a e-xo--- 
044 |a xo  |c SK 
080 |a 745/749  |2 1981 
080 |a (437.67)  |2 1981 
080 |a 745/749(4)  |2 1981 
080 |a (084.5)  |2 1981 
111 2 |a Európske ľudové remeslo  |n (14. :  |d 2004 :  |c Kežmarok, Slovensko)  |9 36570 
245 1 0 |a Európske ľudové remeslo  |h grafika  |b medzinárodný festival remesiel, 14. ročník, Kežmarok 9.-11. 7. 2004 
260 |a [Kežmarok]  |b Adri  |c 2004 
300 |a 1 plagát  |b fareb.  |c 43 x 30 cm 
648 7 |a 2004  |2 SNKPH  |9 303492 
650 0 7 |a podujatia  |2 SNKPH  |9 405652 
650 0 7 |a ľudové umenie  |2 SNKPH  |9 2866 
650 0 7 |a remeslá  |2 SNKPH  |9 4998 
650 0 7 |a festivaly  |2 SNKPH  |9 3406 
651 7 |a Kežmarok (Slovensko)  |2 SNKPH  |9 26808 
655 7 |a plagáty  |2 SNKPH  |9 70571 
852 |a Slovenská národná knižnica 
958 |a CP 
958 |a GBN 
958 |a OND 
999 |c 1161464  |d 1163394 
952 |t P60, <03>, [BOOK], {603}  |a SNK  |b SNK  |y PREZ  |7 0  |p 17A0434781  |o snkLPB 1522  |i snkPL 17/2004  |0 0  |1 0  |4 0  |d 2004-07-06  |f 1  |l 0  |r 2005-01-02 00:00:00  |w 2026-02-24